000 01029nam a22001457a 4500
020 _a978-1-4169-0005-4
082 _a823
_bDIX/F
100 _aDIXON, FRANKLIN W
245 _aTHE HARDY BOYS - THRILL RIDE
260 _aNEW YORK
_bALADDIN PAPERBACKS
_c2005
300 _a154
520 _a (ATAC) sends Frank and Joe Hardy to investigate a woman's suspicious death and other strange occurrences at Uncle Bernie's Fun Park, in Massachusetts. The Hardy Boy Brothers look for the mysterious victim throughout the park while making lists of all the possible victims. Joe and Frank look all around the park for clues to solve this mystery. They ask some people question about if they saw the accident and had any ides of who causes this accident. They lists some suspects but they did not realize who the true one is. In the end it is the owner of the parks son. The son of the owner would hang around the hardy boys around the park and act friendly so he wouldn't be a suspect.
650 _aMYSTERY STORY
_zUNITED STATES
942 _cBK
999 _c7762
_d7762